[Event "FB1 1920 SV 1920 Hofheim - Karlsruher S"]
[Site "?"]
[Date "2020.02.15"]
[Round "7.3"]
[White "Rubina, Tatiana"]
[Black "Roessler, Ulrike"]
[Result "1-0"]
[WhiteElo "2030"]
[BlackElo "2107"]
[PlyCount "81"]
[EventDate "2020.??.??"]

1. e4 d6 2. d4 Nf6 3. Nc3 g6 4. f3 Bg7 5. Be3 c6 6. Qd2 b5 7. O-O-O b4 8. Na4
Qa5 9. b3 Nbd7 10. a3 Rb8 11. axb4 Rxb4 12. Kb2 Nb6 13. Nc3 c5 14. Ra1 Qxa1+
15. Kxa1 cxd4 16. Bxd4 O-O 17. Nge2 Bd7 18. Na2 Rb5 19. Nec3 Rc5 20. Bxc5 dxc5
21. e5 Ne8 22. f4 Nc7 23. Be2 Bc6 24. h4 Ne6 25. h5 Rd8 26. Qe3 Rd4 27. hxg6
hxg6 28. Rf1 Bxg2 29. Rf2 Bc6 30. Bg4 Nc7 31. f5 Ncd5 32. Qg3 Bd7 33. e6 fxe6
34. fxe6 Bc8 35. Kb1 Nf6 36. Bh3 Nbd5 37. Qxg6 Nf4 38. Qf7+ Kh8 39. Bf5 N4h5
40. Rh2 Rf4 41. Rxh5+ 1-0

[Event "FB1 1920 SV 1920 Hofheim - Karlsruher S"]
[Site "?"]
[Date "2020.02.15"]
[Round "7.4"]
[White "Kushka, Alena"]
[Black "Scheynin, Julia"]
[Result "1-0"]
[WhiteElo "2137"]
[BlackElo "2000"]
[PlyCount "81"]
[EventDate "2020.??.??"]

1. d4 d5 2. c4 e6 3. Nc3 Nf6 4. cxd5 exd5 5. Bg5 Be7 6. e3 c6 7. Qc2 Nbd7 8.
Bd3 O-O 9. Nge2 Re8 10. O-O Nf8 11. f3 h6 12. Bh4 Ne6 13. Rad1 Nh5 14. Bxe7
Rxe7 15. Bf5 Nf8 16. Bxc8 Rxc8 17. e4 b5 18. e5 g6 19. b4 a5 20. a3 axb4 21.
axb4 Ra7 22. f4 Qe7 23. Nxd5 Qb7 24. Ne3 Rca8 25. Nc3 Qe7 26. Qb2 Qc7 27. f5
Ng7 28. fxg6 Nxg6 29. Ng4 Qb6 30. Nxh6+ Kh7 31. Nxf7 Ne6 32. Qe2 Kg7 33. Qe3
Rxf7 34. Rxf7+ Kxf7 35. Ne4 Kg7 36. Qh3 Nef4 37. Qd7+ Kh6 38. Nf6 Ra7 39. Ng8+
Kg5 40. Qd6 Ra2 41. Qf6+ 1-0

[Event "FB1 1920 SV 1920 Hofheim - Karlsruher S"]
[Site "?"]
[Date "2020.02.15"]
[Round "7.5"]
[White "Juszczak, Anna"]
[Black "Winterholler, Christina"]
[Result "1/2-1/2"]
[WhiteElo "1974"]
[BlackElo "2071"]
[PlyCount "117"]
[EventDate "2020.??.??"]

1. d4 d5 2. c4 dxc4 3. Nc3 a6 4. a4 Nc6 5. e3 Na5 6. Nf3 Bg4 7. Be2 Bxf3 8.
Bxf3 e6 9. O-O Nf6 10. Rb1 c5 11. d5 exd5 12. Nxd5 Be7 13. Nxe7 Qxe7 14. Bd2
Nb3 15. Bc3 O-O 16. Bxf6 Qxf6 17. Bxb7 Rad8 18. Bd5 Qb6 19. e4 Qb4 20. Re1 Qxa4
21. Qc2 Qb4 22. Qxc4 Qxc4 23. Bxc4 Nd2 24. Rbc1 Nxc4 25. Rxc4 Rd2 26. Rb1 Rb8
27. Rxc5 g6 28. g3 Rbxb2 29. Rxb2 Rxb2 30. Ra5 Rb6 31. Ra2 Kf8 32. f4 Ke7 33.
Kf2 Kd6 34. Ke3 Rb3+ 35. Kd4 Rb4+ 36. Kd3 Rb6 37. Kc4 Rc6+ 38. Kb4 Rb6+ 39. Ka5
Rc6 40. Rb2 Ke7 41. e5 h5 42. Rb7+ Kf8 43. Rb2 Ke7 44. Rb7+ Kf8 45. Rb3 Ke7 46.
h3 f6 47. Rb7+ Kf8 48. exf6 Rxf6 49. Ra7 h4 50. gxh4 Rxf4 51. Rxa6 Kg7 52. Kb5
Rf3 53. Kc5 Rxh3 54. Ra4 Kh6 55. Rg4 Kh5 56. Rg5+ Kh6 57. Rg4 Kh5 58. Rg5+ Kh6
59. Rg4 1/2-1/2

[Event "FB1 1920 SV 1920 Hofheim - Karlsruher S"]
[Site "?"]
[Date "2020.02.15"]
[Round "7.6"]
[White "Rieseler, Caroline"]
[Black "Grining, Maria"]
[Result "0-1"]
[WhiteElo "2126"]
[BlackElo "1735"]
[PlyCount "90"]
[EventDate "2020.??.??"]

1. e4 c6 2. Nf3 d5 3. Nc3 d4 4. Ne2 c5 5. c3 Bg4 6. Ne5 Bxe2 7. Bxe2 Nc6 8. Bb5
Qd6 9. f4 Nf6 10. O-O Nd7 11. Nxc6 bxc6 12. e5 Qc7 13. Qf3 Rc8 14. Ba6 Rb8 15.
d3 g6 16. f5 Nxe5 17. Qg3 Bg7 18. fxg6 hxg6 19. Bf4 Rh5 20. Rae1 Bf6 21. Qf2
Rf5 22. Qd2 Qb6 23. Bxe5 Rxe5 24. Rxe5 Bxe5 25. Bc4 e6 26. Qe2 Qc7 27. h3 Qd6
28. b3 dxc3 29. Qf3 Rb7 30. Kh1 Rc7 31. Re1 Bf4 32. Re2 Bd2 33. Qf1 Qf4 34.
Qxf4 Bxf4 35. Rc2 Bd2 36. Kg1 Rd7 37. Kf2 Rd4 38. Ke2 Rf4 39. a4 Rf5 40. a5
Re5+ 41. Kf2 Re1 42. Ra2 Rc1 43. Ke2 Bg5 44. b4 cxb4 45. Bb3 Rb1 0-1

[Event "FB1 1920 SC Bad Königshofen 1957 - OSG"]
[Site "?"]
[Date "2020.02.15"]
[Round "7.1"]
[White "Muzychuk, Anna"]
[Black "Girya, Olga"]
[Result "1/2-1/2"]
[WhiteElo "2539"]
[BlackElo "2477"]
[PlyCount "55"]
[EventDate "2020.??.??"]

1. e4 c6 2. d4 d5 3. e5 Bf5 4. h4 h5 5. c4 e6 6. Nc3 Ne7 7. Nge2 Nd7 8. Ng3 Bg6
9. Be3 dxc4 10. Bxc4 Nd5 11. Nxd5 cxd5 12. Be2 Rc8 13. a3 a6 14. O-O Be7 15.
Nxh5 Bxh4 16. Nxg7+ Kf8 17. Nh5 Nb6 18. Nf4 Be4 19. Bd3 Bg5 20. Nxe6+ fxe6 21.
Bxe4 dxe4 22. Qg4 Bh6 23. Rac1 Rxc1 24. Rxc1 Kf7 25. Qh5+ Kg7 26. Qg4+ Kf7 27.
Qh5+ Kg7 28. Qg4+ 1/2-1/2

[Event "FB1 1920 SC Bad Königshofen 1957 - OSG"]
[Site "?"]
[Date "2020.02.15"]
[Round "7.2"]
[White "Schneider, Jana"]
[Black "Stefanova, Antoaneta"]
[Result "1-0"]
[WhiteElo "2280"]
[BlackElo "2469"]
[PlyCount "70"]
[EventDate "2020.??.??"]

1. e4 c6 2. d4 d5 3. e5 c5 4. dxc5 e6 5. Nf3 Bxc5 6. Bd3 Ne7 7. O-O Ng6 8. a3
Qc7 9. Re1 Nd7 10. b4 Be7 11. Bb2 a5 12. Nc3 O-O 13. Nb5 Qb8 14. Bd4 axb4 15.
axb4 Bxb4 16. c3 Be7 17. Ba7 Rxa7 18. Rxa7 Nc5 19. Bxg6 fxg6 20. Ra2 Bd7 21.
Nbd4 g5 22. h3 h5 23. Qa1 Qe8 24. Ra5 g4 25. hxg4 hxg4 26. Nh2 b6 27. Ra7 Qh5
28. Qd1 Rf4 29. g3 Rxf2 30. Nxg4 Rf5 31. Nxf5 Qxf5 32. Rf1 Qg5 33. Qf3 Kh7 34.
Kg2 Be8 35. Qf4 Kg6 1-0

[Event "FB1 1920 SC Bad Königshofen 1957 - OSG"]
[Site "?"]
[Date "2020.02.15"]
[Round "7.3"]
[White "Paehtz, Elisabeth"]
[Black "Melamed, Tatjana"]
[Result "1-0"]
[WhiteElo "2472"]
[BlackElo "2357"]
[PlyCount "69"]
[EventDate "2020.??.??"]

1. d4 Nf6 2. c4 e6 3. g3 c5 4. d5 exd5 5. cxd5 d6 6. Bg2 g6 7. Nc3 Bg7 8. Nf3
O-O 9. O-O Re8 10. Bf4 Bf5 11. Bg5 a6 12. Nd2 b5 13. e4 Bc8 14. a4 b4 15. Ncb1
Nbd7 16. a5 h6 17. Bf4 Nf8 18. Nc4 Nxe4 19. Nbd2 Bf5 20. Re1 Nf6 21. Nxd6 Bg4
22. Qc2 Rxe1+ 23. Rxe1 g5 24. Be5 N8d7 25. N6c4 Ra7 26. Bd6 Nf8 27. Bxc5 Rd7
28. d6 Ne6 29. Bxb4 Nd4 30. Qd3 Qb8 31. Bc3 Nb5 32. Bxf6 Bxf6 33. h3 Bh5 34.
Qf5 Qd8 35. Bc6 1-0

[Event "FB1 1920 SC Bad Königshofen 1957 - OSG"]
[Site "?"]
[Date "2020.02.15"]
[Round "7.4"]
[White "Belenkaya, Dina"]
[Black "Abdumalik, Zhansaya"]
[Result "1-0"]
[WhiteElo "2304"]
[BlackElo "2471"]
[PlyCount "147"]
[EventDate "2020.??.??"]

1. e4 c5 2. Nc3 g6 3. Nge2 Bg7 4. d4 cxd4 5. Nxd4 Nc6 6. Nf3 Nf6 7. Bc4 O-O 8.
O-O d6 9. Re1 Bg4 10. h3 Bxf3 11. Qxf3 Nd7 12. Bb3 Rc8 13. Nd5 Nc5 14. c3 e6
15. Nf4 a5 16. Nd3 Nxb3 17. axb3 Qb6 18. Ra3 Qb5 19. Bf4 Rfd8 20. Rd1 d5 21. e5
Bf8 22. Rda1 Rd7 23. Bg5 Bxa3 24. Rxa3 f5 25. Qg3 d4 26. c4 Qb6 27. Bd2 Re8 28.
h4 Qc7 29. h5 b6 30. Ra1 Kh8 31. Bg5 Rf8 32. hxg6 f4 33. Qh4 Kg8 34. Bf6 hxg6
35. Qh8+ Kf7 36. Qg7+ Ke8 37. Qxg6+ Rdf7 38. Re1 f3 39. Nf4 Qd7 40. g3 Ne7 41.
Qe4 Nc6 42. Nh5 Qc7 43. Rd1 Kd7 44. Qf4 Qc8 45. Rd3 Kc7 46. Qxf3 Kb8 47. Qe4
Rd7 48. g4 Qb7 49. g5 Rg8 50. Nf4 Ka7 51. Nxe6 Nb4 52. Qxb7+ Kxb7 53. Rxd4 Rxd4
54. Nxd4 Nd3 55. Kg2 Kc7 56. Kg3 Nxb2 57. f4 a4 58. bxa4 Nxa4 59. e6 Nc5 60. f5
Kd6 61. Nb5+ Kc6 62. Nc3 Nb7 63. Ne4 Na5 64. Nd2 Nb7 65. Kf4 Nc5 66. g6 Kd6 67.
Ne4+ Nxe4 68. Kxe4 Rc8 69. Kd4 Ra8 70. g7 Rc8 71. Ke3 Ra8 72. Kf4 Kc5 73. Be7+
Kxc4 74. Bf8 1-0

[Event "FB1 1920 SC Bad Königshofen 1957 - OSG"]
[Site "?"]
[Date "2020.02.15"]
[Round "7.5"]
[White "Zatonskih, Anna"]
[Black "Obolentseva, Alexandra"]
[Result "1/2-1/2"]
[WhiteElo "2425"]
[BlackElo "2299"]
[PlyCount "75"]
[EventDate "2020.??.??"]

1. d4 Nf6 2. Nf3 g6 3. g3 c5 4. c3 b6 5. Bg2 Bb7 6. O-O Bg7 7. e3 O-O 8. Nbd2
d6 9. Re1 Nbd7 10. b3 Ne4 11. Bb2 Nxd2 12. Qxd2 Nf6 13. c4 Be4 14. Rad1 Qd7 15.
Qe2 Rab8 16. Nh4 Bxg2 17. Nxg2 Qb7 18. e4 Nd7 19. f3 b5 20. Ne3 bxc4 21. Nxc4
Qa6 22. Ba1 cxd4 23. Bxd4 Bxd4+ 24. Rxd4 Nb6 25. Ne3 Qxe2 26. Rxe2 Rfc8 27.
Rdd2 Kf8 28. Rc2 Ke8 29. Kf2 Kd8 30. Rxc8+ Rxc8 31. Rc2 Rb8 32. Nc4 Nxc4 33.
Rxc4 Kd7 34. Ke3 Rb6 35. Kd3 Ra6 36. Rc2 Rb6 37. Kd2 Rb5 38. Kd3 1/2-1/2

[Event "FB1 1920 SC Bad Königshofen 1957 - OSG"]
[Site "?"]
[Date "2020.02.15"]
[Round "7.6"]
[White "Babiy, Olga"]
[Black "Kovalevskaya, Ekaterina"]
[Result "1/2-1/2"]
[WhiteElo "2212"]
[BlackElo "2407"]
[PlyCount "35"]
[EventDate "2020.??.??"]

1. e4 c5 2. Ne2 Nc6 3. Nbc3 e5 4. Nd5 Nge7 5. Nec3 Nxd5 6. Nxd5 Be7 7. Bc4 O-O
8. O-O Rb8 9. a4 d6 10. d3 Be6 11. c3 Bg5 12. Qh5 Bxc1 13. Raxc1 Ne7 14. Ne3
Qc7 15. g3 Bxc4 16. Nxc4 Rbd8 17. Qd1 Qc6 18. Re1 1/2-1/2

[Event "FB1 1920 Hamburger SK - Rodewischer Sch"]
[Site "?"]
[Date "2020.02.16"]
[Round "8.1"]
[White "Bodnaruk, Anastasia"]
[Black "Papp, Sarah"]
[Result "1/2-1/2"]
[WhiteElo "2411"]
[BlackElo "2316"]
[PlyCount "152"]
[EventDate "2020.??.??"]

1. e4 e6 2. d4 d5 3. Nc3 Nf6 4. e5 Nfd7 5. f4 c5 6. Nf3 Nc6 7. Be3 Be7 8. Qd2
O-O 9. dxc5 Bxc5 10. O-O-O Qb6 11. Nd4 Bxd4 12. Bxd4 Qxd4 13. Qxd4 Nxd4 14.
Rxd4 a6 15. h4 b5 16. h5 f6 17. exf6 Nxf6 18. Be2 Ra7 19. Bf3 Rc7 20. Re1 Rc4
21. Rxc4 bxc4 22. Ne2 Kf7 23. Nd4 g6 24. hxg6+ hxg6 25. b3 cxb3 26. axb3 Rh8
27. Kd2 Rh4 28. Ke3 Nh5 29. c4 dxc4 30. bxc4 Nf6 31. c5 Nd7 32. Rb1 e5 33. fxe5
Nxe5 34. Rb8 Nxf3 35. Nxf3 Rh8 36. Ne5+ Ke6 37. Ke4 Re8 38. Rb6+ Ke7 39. Rxg6
Be6 40. g4 a5 41. Rh6 a4 42. Rh7+ Kf6 43. Kf4 Bb3 44. Rh6+ Ke7 45. Ra6 Rc8 46.
c6 Kd6 47. Ke4 Bd5+ 48. Kd4 Bxc6 49. g5 a3 50. g6 a2 51. Rxa2 Bb7 52. Rb2 Ba8
53. g7 Ke7 54. Rb6 Rd8+ 55. Ke3 Bd5 56. Rh6 Rg8 57. Rg6 Bf7 58. Rg1 Kf6 59. Kf4
Be8 60. Ng4+ Kxg7 61. Nh6+ Kxh6 62. Rxg8 Bg6 63. Kg4 Bd3 64. Rd8 Bc2 65. Rd6+
Kg7 66. Kf4 Kf7 67. Ke5 Kg7 68. Ke6 Kg6 69. Rd2 Bb3+ 70. Ke5 Bc4 71. Rd6+ Kf7
72. Rf6+ Ke7 73. Rc6 Bb3 74. Rc7+ Ke8 75. Rb7 Ba2 76. Kd6 Kf8 1/2-1/2

[Event "FB1 1920 Hamburger SK - Rodewischer Sch"]
[Site "?"]
[Date "2020.02.16"]
[Round "8.2"]
[White "Osmanodja, Filiz"]
[Black "Theissl Pokorna, Regina"]
[Result "1-0"]
[WhiteElo "2282"]
[BlackElo "2312"]
[PlyCount "81"]
[EventDate "2020.??.??"]

1. e4 e5 2. Nf3 Nc6 3. Bb5 a6 4. Ba4 Nf6 5. O-O Be7 6. Re1 b5 7. Bb3 d6 8. c3
O-O 9. h3 Bb7 10. d4 Re8 11. Ng5 Rf8 12. Nf3 Re8 13. Nbd2 Bf8 14. a4 Na5 15.
Bc2 b4 16. d5 bxc3 17. bxc3 c6 18. c4 Qc7 19. Rb1 Reb8 20. Ba3 Bc8 21. Qe2 Bd7
22. Rbc1 Nh5 23. g3 g6 24. Kh2 Qc8 25. c5 Qc7 26. Bd3 dxc5 27. Bxc5 Rb2 28. Qe3
Bxc5 29. Rxc5 Nb3 30. Nxb3 Rxb3 31. dxc6 Be6 32. Nxe5 Rd8 33. Rd1 Ra3 34. Rb1
Rxa4 35. Rb7 Qd6 36. c7 Rc8 37. Nc4 Bxc4 38. Bxc4 Ra1 39. Rd5 Qc6 40. Qc3 Nf6
41. Rb8 1-0

[Event "FB1 1920 Hamburger SK - Rodewischer Sch"]
[Site "?"]
[Date "2020.02.16"]
[Round "8.3"]
[White "Lubbe, Melanie"]
[Black "Fuchs, Judith"]
[Result "1-0"]
[WhiteElo "2227"]
[BlackElo "2239"]
[PlyCount "95"]
[EventDate "2020.??.??"]

1. c4 e5 2. g3 Nc6 3. Bg2 Nf6 4. Nc3 Bc5 5. e3 d5 6. Nxd5 Nxd5 7. cxd5 Nb4 8.
Qb3 c6 9. dxc6 bxc6 10. Be4 Qd6 11. a3 Be6 12. Qa4 Nd5 13. d4 exd4 14. exd4 Bb6
15. Ne2 O-O 16. O-O Rad8 17. Bg5 f6 18. Bd2 Rfe8 19. Qc2 f5 20. Bg2 Rf8 21.
Rfe1 Bd7 22. Nf4 Nf6 23. Bb4 Qb8 24. Bxf8 Rxf8 25. Ne6 Rc8 26. Nc5 Qd6 27. Rad1
f4 28. Nxd7 Qxd7 29. Qc4+ Kh8 30. Qe6 Qc7 31. Qe5 fxg3 32. hxg3 Qf7 33. Qe6 Qc7
34. Rc1 Qb8 35. d5 Rd8 36. Qxc6 Nxd5 37. Re2 Nf6 38. Qf3 h6 39. Bh3 Rf8 40.
Rec2 Nd7 41. Qg2 Qd6 42. Rc8 Nc5 43. Rxf8+ Qxf8 44. b4 Nd3 45. Rc8 Bd8 46. Qf1
Ne5 47. Qd1 Nf7 48. Qd7 1-0

[Event "FB1 1920 Hamburger SK - Rodewischer Sch"]
[Site "?"]
[Date "2020.02.16"]
[Round "8.4"]
[White "Baciu, Diana"]
[Black "Movsesian, Julia"]
[Result "0-1"]
[WhiteElo "2267"]
[BlackElo "2312"]
[PlyCount "60"]
[EventDate "2020.??.??"]

1. e4 e5 2. Nf3 Nc6 3. Bc4 Nf6 4. d3 h6 5. h3 d6 6. a4 g6 7. Nc3 Bg7 8. Be3 O-O
9. Qd2 Kh7 10. Bb3 Be6 11. Nd5 Bxd5 12. exd5 Ne7 13. c4 Nf5 14. g4 Nxe3 15.
Qxe3 e4 16. Nd4 Re8 17. O-O-O exd3 18. Qxd3 Ne4 19. Qc2 Qf6 20. Nb5 Nxf2 21.
Nxc7 Nxd1 22. Rxd1 Qf3 23. Nxa8 Re2 24. Qd3 Qf4+ 25. Rd2 Re3 26. Qxe3 Qxe3 27.
Kc2 Qc5 28. Kb1 Qc8 29. c5 Qxc5 30. Rc2 Qe3 0-1

[Event "FB1 1920 Hamburger SK - Rodewischer Sch"]
[Site "?"]
[Date "2020.02.16"]
[Round "8.5"]
[White "Korenova, Martina"]
[Black "Rogozenco, Teodora"]
[Result "1-0"]
[WhiteElo "2154"]
[BlackElo "1988"]
[PlyCount "67"]
[EventDate "2020.??.??"]

1. e4 e5 2. Nf3 Nc6 3. Bb5 a6 4. Ba4 Nf6 5. O-O Be7 6. Qe2 b5 7. Bb3 d6 8. c3
Bg4 9. h3 Bh5 10. d3 O-O 11. Nbd2 Re8 12. Re1 h6 13. Nf1 Nh7 14. Ng3 Bg6 15. a4
Bf6 16. Be3 Qd7 17. axb5 axb5 18. Bd5 Ng5 19. Nxg5 Bxg5 20. Bxg5 Rxa1 21. Rxa1
hxg5 22. Qe3 Ne7 23. Bb3 g4 24. h4 d5 25. h5 Bh7 26. h6 Bg6 27. hxg7 Kxg7 28.
Qg5 Kf8 29. Qxe5 dxe4 30. dxe4 Ng8 31. Qf4 b4 32. Ba4 c6 33. Rd1 Qb7 34. Qd6+
1-0

[Event "FB1 1920 Hamburger SK - Rodewischer Sch"]
[Site "?"]
[Date "2020.02.16"]
[Round "8.6"]
[White "Schmidt, Jade"]
[Black "Kubikova, Hana"]
[Result "0-1"]
[WhiteElo "2038"]
[BlackElo "2059"]
[PlyCount "104"]
[EventDate "2020.??.??"]

1. d4 Nf6 2. c4 e6 3. Nc3 d5 4. Bg5 Nbd7 5. e3 c6 6. cxd5 exd5 7. Bd3 Be7 8.
Qc2 O-O 9. Nge2 Re8 10. f3 Nf8 11. O-O h6 12. Bh4 Nh5 13. Bf2 Bd6 14. Kh1 Ne6
15. Rad1 Qc7 16. Bg1 Qe7 17. g4 Nf6 18. Ng3 Bxg3 19. hxg3 Ng5 20. Bf5 Nh3 21.
Rfe1 Qd6 22. Qh2 Ng5 23. Kg2 Qb4 24. Re2 a5 25. Bf2 a4 26. a3 Qd6 27. Qh4 b6
28. Rh1 c5 29. Rd2 Bxf5 30. gxf5 c4 31. Re2 Qc6 32. g4 b5 33. Bg3 b4 34. axb4
a3 35. Bf4 Nfh7 36. b5 Qb6 37. bxa3 Rxa3 38. Rc2 Qa5 39. Rhc1 Ra8 40. Kg3 Ra1
41. Qh1 Rxc1 42. Rxc1 Nf6 43. Be5 Nd7 44. Nxd5 Nxe5 45. dxe5 Qxb5 46. f4 Ra2
47. fxg5 Qb2 48. gxh6 Qf2+ 49. Kh3 g5 50. Nf6+ Kh8 51. Qa8+ Rxa8 52. Rxc4 Qf1+
0-1

[Event "FB1 1920 TuRa Harksheide  - SV Weißbla"]
[Site "?"]
[Date "2020.02.16"]
[Round "8.1"]
[White "Cyfka, Karina"]
[Black "Antolak, Julia"]
[Result "1/2-1/2"]
[WhiteElo "2409"]
[BlackElo "2301"]
[PlyCount "58"]
[EventDate "2020.??.??"]

1. d4 Nf6 2. Bf4 g6 3. Nc3 Bg7 4. e4 d6 5. Qd2 c6 6. Bh6 Bxh6 7. Qxh6 Qa5 8. f3
b5 9. Qd2 Nbd7 10. Nge2 Nb6 11. b3 h5 12. h4 Bd7 13. Nc1 Rc8 14. Be2 b4 15. Nd1
c5 16. Ne3 cxd4 17. Qxd4 Bb5 18. Bxb5+ Qxb5 19. a4 Qc5 20. Qxc5 dxc5 21. a5
Nbd7 22. Nd3 Nf8 23. Nf4 N6d7 24. O-O-O Ne5 25. Rd5 Nfd7 26. Rhd1 e6 27. R5d2
Ke7 28. Nc4 Rc7 29. Nd6 Rb8 1/2-1/2

[Event "FB1 1920 TuRa Harksheide  - SV Weißbla"]
[Site "?"]
[Date "2020.02.16"]
[Round "8.2"]
[White "Utiatskaja, Irina"]
[Black "Kulon, Klaudia"]
[Result "1/2-1/2"]
[WhiteElo "2143"]
[BlackElo "2335"]
[PlyCount "78"]
[EventDate "2020.??.??"]

1. e4 c5 2. Nf3 Nc6 3. d4 cxd4 4. Nxd4 Nf6 5. Nc3 d6 6. Bg5 Qb6 7. Nb3 e6 8.
Qd2 Be7 9. Be3 Qc7 10. O-O-O a6 11. f3 O-O 12. g4 b5 13. g5 b4 14. Ne2 Nd7 15.
Ned4 Nde5 16. Kb1 Rd8 17. Nxc6 Nxc6 18. Nd4 Ne5 19. f4 Nc4 20. Bxc4 Qxc4 21.
Qd3 Qc7 22. f5 Bf8 23. fxe6 fxe6 24. g6 hxg6 25. Rhg1 Qf7 26. Rdf1 Qe8 27. Rf2
a5 28. Rfg2 Ba6 29. Qd1 e5 30. Nf3 Bb7 31. Ng5 Be7 32. Qg4 Bxg5 33. Qxg5 Rd7
34. Qh4 Rf7 35. Bh6 Rf6 36. Bg5 Rf3 37. Bh6 Rf6 38. Bg5 Rf3 39. Bh6 Rf6 1/2-1/2

[Event "FB1 1920 TuRa Harksheide  - SV Weißbla"]
[Site "?"]
[Date "2020.02.16"]
[Round "8.3"]
[White "Jaracz, Barbara"]
[Black "Gosciniak, Maria"]
[Result "1/2-1/2"]
[WhiteElo "2200"]
[BlackElo "2091"]
[PlyCount "59"]
[EventDate "2020.??.??"]

1. e4 Nf6 2. e5 Nd5 3. d4 d6 4. c4 Nb6 5. exd6 exd6 6. Nc3 Be7 7. Bd3 O-O 8.
Nge2 Nc6 9. b3 Re8 10. O-O Nb4 11. Bb1 Bg4 12. a3 Bxe2 13. Nxe2 Nc6 14. Be3 d5
15. Qd3 g6 16. c5 Nd7 17. b4 Bf6 18. Ba2 Ne7 19. g4 Bg7 20. Ng3 c6 21. Rae1 Kh8
22. f3 Ng8 23. Kg2 Nf8 24. a4 a6 25. Bb1 Qd7 26. h4 Re7 27. h5 Rae8 28. hxg6
fxg6 29. Rh1 Re6 30. Bf2 1/2-1/2

[Event "FB1 1920 TuRa Harksheide  - SV Weißbla"]
[Site "?"]
[Date "2020.02.16"]
[Round "8.4"]
[White "Brandt, Carina"]
[Black "Schulz, Petra"]
[Result "1-0"]
[WhiteElo "2045"]
[BlackElo "2044"]
[PlyCount "155"]
[EventDate "2020.??.??"]

1. e4 e6 2. d4 d5 3. Nc3 Bb4 4. e5 c5 5. a3 Bxc3+ 6. bxc3 Ne7 7. Qg4 Qc7 8.
Qxg7 Rg8 9. Qxh7 cxd4 10. Ne2 Nbc6 11. f4 dxc3 12. Qd3 d4 13. Nxd4 Nxd4 14.
Qxd4 Bd7 15. h4 Nf5 16. Qf2 Qc6 17. Rh3 Rc8 18. h5 Qe4+ 19. Be3 Rg4 20. Bd3
Qxg2 21. Qxg2 Rxg2 22. Bf2 Bc6 23. h6 Kf8 24. Rd1 Rg6 25. Bc5+ Kg8 26. Bxf5
exf5 27. h7+ Kg7 28. Be7 Rh6 29. h8=Q+ Rcxh8 30. Bf6+ Kf8 31. Rd8+ Be8 32. Rxh6
Rxh6 33. Rc8 Rh3 34. Ke2 b5 35. Ra8 Rh2+ 36. Kd3 Rf2 37. Bg5 Rd2+ 38. Kxc3 Rd7
39. Bf6 Rc7+ 40. Kd3 Rc4 41. Rxa7 Rxf4 42. Bg5 Rg4 43. Bh6+ Kg8 44. Ra8 Kh7 45.
Rxe8 Kxh6 46. Rb8 Rg3+ 47. Kd4 Rxa3 48. Rxb5 f4 49. Rb6+ Kg7 50. Rf6 f3 51. c4
Rb3 52. c5 Rb4+ 53. Kd5 Rb3 54. c6 Rd3+ 55. Kc4 Re3 56. Kd4 Ra3 57. Rxf3 Rxf3
58. c7 Rg3 59. c8=Q Rg6 60. Kd5 Rh6 61. Qd7 Rg6 62. Qd6 Rg1 63. Kc6 Ra1 64. Qd4
Ra6+ 65. Kd7 Kg8 66. Qg1+ Kf8 67. Qc5+ Kg7 68. Qc7 Ra1 69. Ke7 Ra6 70. Qc8 Ra7+
71. Ke8 Ra4 72. Qc6 Rf4 73. Qd6 Rf5 74. Qe7 Kg6 75. Kf8 Rf1 76. Qd6+ Kg5 77.
Kg7 Rf4 78. Qf6+ 1-0

[Event "FB1 1920 TuRa Harksheide  - SV Weißbla"]
[Site "?"]
[Date "2020.02.16"]
[Round "8.5"]
[White "Daemering, Katrin"]
[Black "Koehler, Inken"]
[Result "1/2-1/2"]
[WhiteElo "1999"]
[BlackElo "1962"]
[PlyCount "120"]
[EventDate "2020.??.??"]

1. Nf3 g6 2. g3 Bg7 3. Bg2 d5 4. d3 Nf6 5. O-O O-O 6. Nbd2 c6 7. c4 Na6 8. Rb1
dxc4 9. Nxc4 Be6 10. Nfd2 Bd5 11. Nf3 Qc8 12. a3 Rd8 13. Qc2 Nc7 14. Bd2 Nb5
15. e4 Be6 16. a4 Nd4 17. Nxd4 Rxd4 18. Bc3 Rd8 19. Ne3 Bh3 20. Rbd1 Bxg2 21.
Kxg2 Qe6 22. h3 Rac8 23. f4 c5 24. f5 Qc6 25. Nc4 gxf5 26. Ne5 Qc7 27. Rxf5 e6
28. Rg5 h6 29. Rxg7+ Kxg7 30. Ng4 Rd4 31. Nxf6 Kxf6 32. Qf2+ Kg6 33. Rf1 Rcd8
34. Qf6+ Kh7 35. Rf4 Rg8 36. Bxd4 cxd4 37. Qxf7+ Rg7 38. Qxc7 Rxc7 39. e5 Rc2+
40. Rf2 Rc5 41. Rf7+ Kg8 42. Rxb7 Rxe5 43. Rb4 Kf8 44. Rxd4 Re2+ 45. Kf3 Rxb2
46. Rd7 a5 47. Ra7 Rd2 48. Ke3 Rg2 49. Kf4 Rd2 50. Ke4 Re2+ 51. Kf4 Rd2 52.
Rxa5 Rxd3 53. Ra7 e5+ 54. Kxe5 Rxg3 55. a5 Rxh3 56. a6 Ra3 57. Kf6 Ke8 58. Re7+
Kd8 59. a7 Ra6+ 60. Kf7 Kc8 1/2-1/2

[Event "FB1 1920 TuRa Harksheide  - SV Weißbla"]
[Site "?"]
[Date "2020.02.16"]
[Round "8.6"]
[White "Rosmait, Emily"]
[Black "Just, Anita"]
[Result "1-0"]
[WhiteElo "1894"]
[BlackElo "1902"]
[PlyCount "85"]
[EventDate "2020.??.??"]

1. e4 e6 2. d4 d5 3. Nd2 c5 4. exd5 Qxd5 5. Ngf3 cxd4 6. Bc4 Qd6 7. O-O Nc6 8.
Nb3 a6 9. Nbxd4 Nxd4 10. Nxd4 Qc7 11. Qe2 Bd6 12. h3 Ne7 13. Re1 O-O 14. Bd3
Ng6 15. c3 Bf4 16. Qe4 Bxc1 17. Raxc1 Bd7 18. h4 e5 19. Nf5 Rfe8 20. Re3 Qc6
21. Qg4 Bxf5 22. Bxf5 Qf6 23. h5 Nf8 24. Rce1 Rad8 25. Rf3 Qh6 26. a4 Ne6 27.
Rxe5 Qc1+ 28. Kh2 Rd1 29. Bxe6 Rh1+ 30. Kg3 fxe6 31. Rxe6 Rd8 32. Rfe3 Rf8 33.
Re8 Qxe3+ 34. Rxe3 Kh8 35. Re7 Rg8 36. Rxb7 h6 37. Rc7 Re1 38. Rc8 Ree8 39.
Rxe8 Rxe8 40. Qg6 Re5 41. Kf3 a5 42. g4 Kg8 43. b4 1-0

[Event "FB1 1920 Schachfreunde Deizisau - SK Le"]
[Site "?"]
[Date "2020.02.16"]
[Round "8.1"]
[White "Sieber, Fiona"]
[Black "Michna, Marta"]
[Result "1/2-1/2"]
[WhiteElo "2202"]
[BlackElo "2359"]
[PlyCount "52"]
[EventDate "2020.??.??"]

1. e4 e6 2. d4 d5 3. Nc3 Bb4 4. e5 c5 5. a3 Bxc3+ 6. bxc3 Nc6 7. Qg4 g6 8. a4
Qa5 9. Bd2 c4 10. Qd1 Bd7 11. Ne2 O-O-O 12. g3 h6 13. Bg2 Nge7 14. h4 Rh7 15.
Qc1 Rdh8 16. Qb2 Kb8 17. Rb1 Bc8 18. Qa3 Ka8 19. Ng1 Qd8 20. Nf3 Ng8 21. O-O
Rg7 22. Qc1 Nce7 23. Re1 Nf5 24. Bf4 Nfe7 25. Ra1 Nc6 26. Ra2 Rgh7 1/2-1/2

[Event "FB1 1920 Schachfreunde Deizisau - SK Le"]
[Site "?"]
[Date "2020.02.16"]
[Round "8.2"]
[White "Shvayger, Yuliya"]
[Black "Newrkla, Katharina"]
[Result "0-1"]
[WhiteElo "2337"]
[BlackElo "2239"]
[PlyCount "100"]
[EventDate "2020.??.??"]

1. e4 c5 2. Nf3 d6 3. d4 cxd4 4. Nxd4 Nf6 5. Nc3 a6 6. Nb3 e6 7. g4 b5 8. Bg2
Bb7 9. g5 Nfd7 10. f4 Nc6 11. a4 b4 12. Ne2 Qc7 13. c3 Nc5 14. Be3 Nxb3 15.
Qxb3 Na5 16. Qd1 Nc4 17. Bc1 bxc3 18. Nxc3 Qb6 19. Qe2 Rc8 20. h4 g6 21. Rh3
Bg7 22. Kf1 O-O 23. Rb1 Bd4 24. h5 a5 25. Nb5 d5 26. e5 Ba6 27. Rb3 Qc5 28. Rd3
Bg1 29. b3 Nb6 30. Bd2 Bxb5 31. axb5 Bh2 32. Be3 Qxb5 33. Bf3 Nc4 34. Kg2 Nxe3+
35. Kxh2 Nf5 36. Bg4 Qb4 37. Rf1 Nd4 38. Qe3 Rc2+ 39. Kg3 Nb5 40. Rh1 Rfc8 41.
hxg6 hxg6 42. Bd1 R2c3 43. Kg4 Rxd3 44. Qxd3 Rc3 45. Qf1 Qe4 46. Rh2 Nd4 47.
Qf2 Nc6 48. Bc2 Nxe5+ 49. Kh4 Rxc2 50. Qxc2 Qxf4+ 0-1

[Event "FB1 1920 Schachfreunde Deizisau - SK Le"]
[Site "?"]
[Date "2020.02.16"]
[Round "8.3"]
[White "Duessler, Stefanie"]
[Black "Koepke, Elena"]
[Result "1-0"]
[WhiteElo "2112"]
[BlackElo "2280"]
[PlyCount "85"]
[EventDate "2020.??.??"]

1. e4 d6 2. d4 Nf6 3. Nc3 Nbd7 4. Be3 e5 5. Bc4 Be7 6. f3 c6 7. a4 Qa5 8. Nge2
O-O 9. O-O Rd8 10. Qe1 Qc7 11. Bb3 Nf8 12. Qf2 b6 13. Rfd1 Be6 14. Bxe6 fxe6
15. dxe5 dxe5 16. Rxd8 Rxd8 17. Nc1 Ng6 18. g3 Rf8 19. Qe2 Nd7 20. Kg2 Bc5 21.
Bd2 Qd8 22. Nb3 Bd4 23. Rf1 Nc5 24. Qc4 Bxc3 25. Bxc3 Nxb3 26. Qxe6+ Kh8 27.
cxb3 Qg5 28. Qg4 Qf6 29. f4 Qf7 30. f5 Qf6 31. Rd1 Ne7 32. Rd7 Nc8 33. Qd1 h6
34. Bb4 Rg8 35. Qh5 c5 36. Bc3 Ne7 37. Qd1 Qg5 38. Bxe5 Nxf5 39. exf5 Qxf5 40.
Bc3 Qe4+ 41. Qf3 Qc2+ 42. Rd2 Qg6 43. Qd3 1-0